=LDR 00000nam 2200000 4500 =001 INLIS000000000048088 =005 20160421151104.0 =006 =007 =008 =035 ##$$0010-041600000000069 =082 ##$$a 353.9-Sur-o =100 ##$$a Drs. Bayu Surianingrat =245 ##$$a Organisasi pemerintahan wilayah/daerah =260 ##$$a Jakarta $b Aksara Baru $c 1980 =300 ##$$a 238 Hlm $c 21 Cm =850 ##$$a BPAP =990 ##$$a 0001/BPAP-NTB/2016